Personaggi dei Griffin casuali - Statistics

Statistiche generali
  • Questo quiz è stato fatto 43 volte
  • Il punteggio medio è 8 su 17
Statistiche sulle risposte
con Immagini Risposta % Corretto
Peter Griffin
100%
Stewie Griffin
90%
Lois Griffin
85%
Meg Griffin
85%
Chris Griffin
78%
Brian Griffin
75%
Cleveland
63%
Joe
63%
Quagmire
63%
Adam West
38%
Tom Tucker
38%
Retep
28%
Vinnie Griffin
13%
Dr.Hartman
10%
Evil Monkey
10%
Francis Griffin
5%
Thelma Griffin
5%
Nessun quiz corrispondente trovato
Distribuzione punteggi
Percentuale di utenti per punteggio
Percentile per numero di risposta
I tuoi punteggi nel tempo
Non hai fatto questo quiz